000 00295nam a22001337a 4500
008 170627b xxu||||| |||| 00| 0 eng d
020 _a9780395931806
041 _aeng
080 _a82
100 _a21
101 _aGJL
245 _aTHE LANGUAGE OF LITERATURE
_cLITTELL, M
942 _2udc
_cBK
999 _c19290
_d19290